| 000 | 00802nam a2200217Ia 4500 | ||
|---|---|---|---|
| 005 | 20230509104203.0 | ||
| 008 | 210716s2010 xx 000 0 und d | ||
| 020 | _a9789350231326 | ||
| 040 | _cAIMIT LIBRARY | ||
| 041 | _aeng | ||
| 082 |
_a004.607 _21 _bWALA |
||
| 100 |
_aWalker, Allan. _9100400 |
||
| 245 |
_aJoomla 1.5 multimedia: _bbuild media rich joomla websites by learning to embed and display multimedia content / _cBy Allan Walker. |
||
| 250 | _a1st ed. | ||
| 260 |
_aNew Delhi : _bShroff Publishers and Distributors Pvt Ltd , _c2011. |
||
| 300 |
_aviii;356,9p. ; _bPB _c23 cm. |
||
| 650 |
_aGetting started with joomla multimedia _9100401 |
||
| 650 |
_aManaging your joomla media _9100402 |
||
| 650 |
_aAdding and managing image content _9100403 |
||
| 942 |
_2ddc _cBK _e1st _k004.607 WALA |
||
| 999 |
_c194825 _d194825 |
||